000
00228 a2200097 4500
001
23076
100
_a
Delhom, L A
245
_a
Digital and Sampled Data Control Systems
260
_a
_b
McGraw-Hill
_c
1959
090
_c
15618
_d
15618
942
_a
NUST-CAE
_c
M
_c
6245
999
_c
258149
_d
258149